Word Ladder: The Gift of Life Quiz Stats

 Plays Quiz Updated Mar 25, 2019

Score 0/11 Timer 01:30
1 Play Today
Hint 5-Letter Word % Correct
_____, sweat, and tears+BLOOD+
99.7%
Goldilocks, for exampleBLOND
86.2%
Non-piquantBLAND
69.5%
Stretch one’s neckCRANE
54.5%
Metallic soundCLANK
52.6%
Something drawn?BLANK
51.6%
NutcaseCRANK
49.6%
HagCRONE
49.5%
Hive dwellerDRONE
48.8%
Group of moving cattleDROVE
42.4%
Impel+DRIVE+
42.1%

Today's Daily Dose

You're not logged in!

Compare scores with friends on all Sporcle quizzes.
OR
Log In

Sporcle TV

Today on Sporcle TV


Watch our educational content, quiz creation guides, and fun videos on Sporcle TV.

Show Comments

Extras

Top Quizzes Today


Score Distribution

Your Account Isn't Verified!

In order to create a playlist on Sporcle, you need to verify the email address you used during registration. Go to your Sporcle Settings to finish the process.

Report this User

Report this user for behavior that violates our Community Guidelines.

Details: